Estates and trusts

Bibliographic Details
Main Author: Stephenson, Gilbert Thomas
Format: Book
Published: New Jersey : Prentice Hall Inc , 1973
Edition:5th edition
Subjects:

MARC

LEADER 00000cam a2200000 7i4500
001 0000008024
005 20161018.0
020 |a 0132895463 
040 |a INS 
090 0 0 |a KF730   |b S84 1973 
100 0 |a Stephenson, Gilbert Thomas 
245 1 0 |a Estates and trusts 
250 |a 5th edition 
260 |a New Jersey :   |b Prentice Hall Inc ,   |c 1973 
300 |a 475p. ;   |c 24 cm. 
650 0 0 |a Trust and trustees   |z United States 
999 |a 0000023969   |b BOOK   |c Open Shelf   |e Default branch